Bolívar, vendaval de la historia /

Gespeichert in:
Bibliographische Detailangaben
1. Verfasser: Ros Zanet, José Guillermo
Format: Unbekannt
Sprache:Spanish
Veröffentlicht: Panamá : Imprenta Universitaria de Panamá, 1973.
Ausgabe:1 edición
Schlagworte:
Tags: Tag hinzufügen
Keine Tags, Fügen Sie den ersten Tag hinzu!

MARC

LEADER 000000000a22000000004500
001 008311
041 0 |a spa 
082 0 4 |a P861.42   |b R788b 
100 1 |a Ros Zanet, José Guillermo 
245 1 0 |a Bolívar, vendaval de la historia /   |c José Guillermo Ros Zanet. 
250 |a 1 edición 
260 1 |a Panamá :   |b Imprenta Universitaria de Panamá,   |c 1973. 
300 |a 49 páginas 
650 4 |a LITERATURA PANAMEÑA 
650 4 |a POESIA 
999 |c 13895  |d 13895 
942 |c BK  |h P861.42 R788b  |2 z